| 000 | 01358nam a2200349 c 4500 | ||
|---|---|---|---|
| 003 | BLK | ||
| 005 | 20250224125250.0 | ||
| 008 | 180410b bul|||||r ||||||| ||bul|| | ||
| 010 | _aKNG00152870000 | ||
| 020 |
_a978-954-655-216-7 _bиздат.: Бард |
||
| 040 | _aBLK | ||
| 041 |
_aBUL _cBUL |
||
| 072 | 7 |
_2bullib _aН83 _xЧужда художествена литература Н |
|
| 080 |
_aМексиканска литература _b821.134.2(720) _x-31 _z821.134.2(720)-31 |
||
| 100 | 1 |
_aБерман, Сабина _eпърви автор _9329315 |
|
| 700 | 1 |
_aНедева, Виктория _eпрев. _9320291 |
|
| 139 |
_aБерман, Сабина _bБ 38 |
||
| 245 | 1 | 0 |
_aМомичето, което плуваше с делфини _cСабина Берман; прев. Виктория Недева. |
| 257 | _aMEX | ||
| 260 |
_аСофия _bБард _c2012 _fХасково : Полиграфюг |
||
| 300 |
_a286 с. _c20 см |
||
| 380 | _aX | ||
| 500 | _aОриг. загл. La mujer que buceo dentro del corazon del mundo / Sabina Berman. | ||
| 653 | _aромани | ||
| 659 | _aН | ||
| 852 | _aЦб 266194 | ||
| 856 | 4 |
_qpdf _u |
|
| 856 | 4 |
_qpdf _u |
|
| 942 |
_cKNG _n0 _016 |
||
| 944 |
_aCR _c06.11.2013 _lДиана Гривева _k30529 |
||
| 944 |
_aED _c05.02.2015 _lф / _kЛюдмила_Стоянова |
||
| 999 |
_c146674 _d146674 |
||